| Tag |
First Indicator |
Second Indicator |
Subfields |
| LEADER |
00000cas a2200000 a 4500 |
| 001 |
in00000042961 |
| 005 |
20151007064942.0 |
| 008 |
760918d1975198umdugr1 c 0uuua0eng |
| 010 |
|
|
|a 76640122
|
| 012 |
|
|
|a 2
|e n
|
| 022 |
|
|
|a 0363-2989
|
| 035 |
|
|
|a (OCoLC)02438988
|
| 035 |
|
|
|9 AAE0954AM
|
| 040 |
|
|
|a DLC
|c DLC
|d NSD
|d DLC
|d m.c.
|d OCL
|d NST
|d NSD
|d NST
|d DLC
|d TXA
|d UtOrBLW
|
| 042 |
|
|
|a lc
|a nsdp
|
| 049 |
|
|
|a TXAE
|
| 050 |
0 |
0 |
|a QR64.5
|b .A5b
|
| 110 |
2 |
|
|a American Type Culture Collection.
|
| 222 |
|
0 |
|a Catalogue of strains 2
|
| 245 |
1 |
0 |
|a Catalogue of strains II.
|
| 246 |
3 |
|
|a Catalogue of strains two
|
| 264 |
|
1 |
|a Rockville, Md. :
|b American Type Culture Collection,
|c 1975- 198.
|
| 300 |
|
|
|a volumes ;
|c 28 cm.
|
| 336 |
|
|
|a text
|b txt
|2 rdacontent
|
| 337 |
|
|
|a unmediated
|b n
|2 rdamedia
|
| 338 |
|
|
|a volume
|b nc
|2 rdacarrier
|
| 362 |
0 |
|
|a 1st- ed.; 1975-1983.
|
| 500 |
|
|
|a "Animal cell lines, animal viruses, chlamydiae, rickettsiae".
|
| 525 |
|
|
|a Supplements updating some topics issued between editions.
|
| 580 |
|
|
|a With: American Type Culture Collection. Catalog of strains I, supersedes: American Type Culture Collection. Catalog of strains.
|
| 580 |
|
|
|a Split into: American Type Culture Collection. Catalogue of animal and plant viruses, chlamydiae, rickettsiae, and virus antisera; and: American Type Culture Collection. Catalogue of cell lines and hybridomas.
|
| 650 |
|
0 |
|a Microorganisms
|v Catalogs and collections
|x Periodicals.
|
| 650 |
|
0 |
|a Cell lines
|x Catalogs and collections
|x Periodicals.
|
| 780 |
1 |
3 |
|a American Type Culture Collection.
|t Catalog of strains
|
| 785 |
1 |
6 |
|a American Type Culture Collection.
|t Catalogue of animal and plant viruses, chlamydiae, rickettsiae, and virus antisera
|
| 785 |
1 |
6 |
|a American Type Culture Collection.
|t Catalogue of cell lines and hybridomas
|
| 890 |
|
|
|a American Type Culture Collection. Catalogue of strains II.
|
| 999 |
|
|
|a MARS
|
| 999 |
f |
f |
|s b37846d6-1899-3533-8d0b-3f208cc06ff5
|i 0cdbcb8a-05d1-3cbe-9123-2491ca11bacd
|t 0
|
| 952 |
f |
f |
|a Texas A&M University
|b Rellis Campus
|c Joint Library Facility
|d Remote Storage
|e QR64.5 .A5b
|h Library of Congress classification
|i unmediated -- volume
|k 14th
|l 1980
|m A14808305118
|p ric
|s JLF
|t 0
|
| 998 |
f |
f |
|a QR64.5 .A5b
|s 2nd (1979)
|t 0
|l Remote Storage
|